000 01242cam a2200397 a 4500
001 255550
003 ARRUPE
005 20160323083938.0
008 840920s1982 cc a 000 0 eng
010 _a 84102360
020 _a0835109917
035 _a(OCoLC)10949083
035 _a(OCoLC)ocm10949083
035 _a(CStRLIN)NYCG84-B61052
035 _a(NNC)255550
040 _dCStRLIN
_dNNC
_cArrupe
041 1 _aengchi
043 _aa-cc---
050 0 _aP92.C5
_bW4613 1982
082 0 _a302.2/34/0951
_219
090 _aP92.C5
_bW4613 1982
100 _aChina Handbook Editorial Committee
_923279
130 0 _aWen hua shi ye.
_lEnglish.
_923209
245 1 0 _aCulture /
_ccompiled by the China Handbook Editorial Committee ; translated by Liang Liangxing and Zhu Peiyu.
250 _a1st ed.
260 _aBeijing :
_bForeign Languages Press,
_c1982.
300 _a141 p., [12] p. of leaves :
_bill. ;
_c19 cm.
490 1 _aChina handbook series
500 _aTranslation of: Wen hua shi ye.
650 0 _aMass media
_zChina.
_923210
700 1 _aLiang, Liangxing.
_923211
_etr.
700 1 _aZhu, Peiyu.
_923212
_etr.
830 0 _aChina handbook series.
_923214
942 _2lcc
_cMONOGRAPH
999 _c124440
_d124440